Normal view
MARC view
- MATHEMATICAL METHODS - PHYSICAL SCIENCES
Entry Topical Term
001 - CONTROL NUMBER
- control field: 60979
003 - CONTROL NUMBER IDENTIFIER
- control field: NUST
005 - DATE AND TIME OF LATEST TRANSACTION
- control field: 20210628202650.0
008 - FIXED-LENGTH DATA ELEMENTS
- fixed length control field: 210628|| aca||aabn | a|a d
040 ## - CATALOGING SOURCE
- Original cataloging agency: NUST
- Transcribing agency: NUST
150 ## - HEADING--TOPICAL TERM
- Topical term or geographic name entry element: MATHEMATICAL METHODS - PHYSICAL SCIENCES
670 ## - SOURCE DATA FOUND
- Source citation: Work cat.: (NUST): Boas, Mary. L 273, Mathematical methods in the physical sciences, 2006
